[Event "RUS-ch sf"]
[Site "Bryansk"]
[Date "1995.??.??"]
[Round "2"]
[White "Kozhevin, Sergey"]
[Black "Konstantinov, Sergey"]
[Result "1-0"]
[WhiteElo "2320"]
[BlackElo "2370"]
[PlyCount "75"]
[EventDate "1995.??.??"]
[EventType "swiss"]
[EventRounds "9"]
[EventCountry "RUS"]
[SourceTitle "EXT 1998"]
[Source "ChessBase"]
[SourceDate "1997.11.17"]
[SourceVersion "1"]
[SourceVersionDate "1997.11.17"]
[SourceQuality "1"]

1. e4 c5 2. c3 d5 3. exd5 Qxd5 4. d4 Nc6 5. Nf3 Nf6 6. Be2 e6 7. Na3 Qd8 8. Nc2 a6 9. 0-0 Be7 10. h3 Qc7 11. Bd3 b6 12. Bg5 Bb7 13. Qd2 cxd4 14. Ncxd4 0-0 15. Bf4 Bd6 16. Nxe6 Bxf4 17. Qxf4 Qxf4 18. Nxf4 Rad8 19. Rad1 g6 20. Be2 Kg7 21. Rxd8 Rxd8 22. Rd1 Re8 23. Kf1 Ne5 24. Nxe5 Rxe5 25. Rd6 b5 26. f3 h5 27. Nd3 Rd5 28. Rxd5 Nxd5 29. Nc5 Bc8 30. Kf2 Kf6 31. c4 Nc7 32. Ke3 h4 33. f4 Ke7 34. Kd4 f6 35. b4 g5 36. fxg5 fxg5 37. Ke5 Be6 38. cxb5 1-0

[Event "RUS-chT2"]
[Site "Bryansk"]
[Date "1995.??.??"]
[Round "1"]
[White "Kozhevin, Sergey"]
[Black "Rodin, Mihail"]
[Result "0-1"]
[WhiteElo "2320"]
[BlackElo "2345"]
[PlyCount "52"]
[EventDate "1995.??.??"]
[EventType "team"]
[EventRounds "9"]
[EventCountry "RUS"]
[SourceTitle "EXT 1998"]
[Source "ChessBase"]
[SourceDate "1997.11.17"]
[SourceVersion "1"]
[SourceVersionDate "1997.11.17"]
[SourceQuality "1"]

1. e4 e5 2. Nf3 Nc6 3. c3 d5 4. Qa4 f6 5. Bb5 Nge7 6. exd5 Qxd5 7. 0-0 Bd7 8. d4 e4 9. Nfd2 f5 10. b4 Ne5 11. Bxd7+ Qxd7 12. Qd1 Nd3 13. Nc4 Nd5 14. Nb2 Nxc1 15. Qxc1 Bd6 16. Nc4 Bf4 17. Ne3 0-0 18. Qd2 Bh6 19. Na3 Rae8 20. c4 Nf6 21. c5 f4 22. Nec4 f3 23. Ne3 fxg2 24. Kxg2 Nd5 25. Nac4 Rf3 26. Rae1 Qh3+ 0-1

[Event "RUS-ch sf"]
[Site "Bryansk"]
[Date "1995.??.??"]
[Round "1"]
[White "Petrushin, Alexander I"]
[Black "Kozhevin, Sergey"]
[Result "1-0"]
[WhiteElo "2485"]
[BlackElo "2320"]
[PlyCount "59"]
[EventDate "1995.??.??"]
[EventType "swiss"]
[EventRounds "9"]
[EventCountry "RUS"]
[SourceTitle "CBM 049 Extra"]
[Source "ChessBase"]
[SourceDate "1996.01.01"]
[SourceVersion "1"]
[SourceVersionDate "1996.01.01"]
[SourceQuality "1"]

1. e4 c5 2. Nf3 e6 3. d4 cxd4 4. Nxd4 Nf6 5. Nc3 d6 6. Be2 Be7 7. 0-0 a6 8. f4 Qc7 9. Qe1 b5 10. Bf3 Bb7 11. e5 dxe5 12. fxe5 Bc5 13. exf6 Bxd4+ 14. Kh1 Bxf3 15. Rxf3 Bxf6 16. Bf4 Qb7 17. Ne4 Be7 18. Rg3 Nc6 19. Rxg7 Nd4 20. Be5 Nf5 21. Rg4 h5 22. Rf4 Rg8 23. Rxf5 Rxg2 24. Rxh5 Rg8 25. Qe2 0-0-0 26. Rh3 Rd5 27. Rc3+ Kd8 28. Rd1 Rxd1+ 29. Qxd1+ Ke8 30. Qf3 1-0

[Event "RUS-chT2"]
[Site "Podolsk"]
[Date "1993.??.??"]
[Round "?"]
[White "Kozhevin, Sergey"]
[Black "Svirin, Oleg"]
[Result "0-1"]
[WhiteElo "2330"]
[BlackElo "2335"]
[PlyCount "70"]
[EventDate "1993.??.??"]
[EventType "team"]
[EventRounds "9"]
[EventCountry "RUS"]
[SourceTitle "TD"]
[Source "ChessBase"]
[SourceDate "1994.03.01"]
[SourceVersion "1"]
[SourceVersionDate "1994.03.01"]
[SourceQuality "1"]

1. e4 e5 2. Nf3 Nc6 3. Bb5 a6 4. Ba4 Nf6 5. 0-0 Be7 6. Re1 b5 7. Bb3 0-0 8. c3 d6 9. h3 Re8 10. d4 Bb7 11. Nbd2 Bf8 12. a4 h6 13. d5 Ne7 14. Nf1 c6 15. dxc6 Bxc6 16. Ng3 Qc7 17. Nh2 d5 18. exd5 Rad8 19. axb5 axb5 20. Ng4 Nexd5 21. Qe2 Nxg4 22. Qxg4 Re6 23. Bc2 g6 24. h4 Nf6 25. Qh3 Bd7 26. Qh1 h5 27. Bg5 Rde8 28. Nf1 b4 29. Bb3 Rb6 30. Bxf6 bxc3 31. bxc3 Rxf6 32. Ne3 Bc5 33. Qh2 Bc6 34. Qg3 Rb8 35. Rab1 Be4 0-1